000 00623nam a2200205Ii 4500
001 11267
003 CO-ViMGA
008 241108s9999||||xx |||||||||||||| ||und||
040 _aCO-ViMGA
_bspa
_erda
_cCO-ViMGA
041 0 _aunk
082 0 4 _a320.9-T931
100 1 _aJulio César Turbay Ayala
_949298
245 1 0 _aPerfiles históricos
264 1 _a[Lugar de publicación no identificado] : Presidencia de la República, 1945
300 _avolumen
336 _atext
_btxt
_2rdacontent
337 _aunmediated
_bn
_2rdamedia
338 _avolume
_bnc
_2rdacarrier
940 _aidficha_siabuc: 10998. -- ficha_no_siabuc:11267
999 _c53419
_d53419